00282nam a2200133Ia 4500003000400000005001700004008004100021020001900062040001000081100002300091245001700114260000800131260000900139OSt20240514170739.0170524s9999 xx 000 0 und d a978-9389691535 ciimtu aBalakrishnan- V.K. 0aGraph Theory bTMH c2010